000 00469nam a2200157Ia 4500
999 _c17218
_d17218
003 OSt
005 20200606120036.0
008 190216s9999||||xx |||||||||||||| ||und||
040 _cMESKC library
082 _a891.431
_bRAH/B
100 _aRahi, Balswaroop
_9270
245 0 _aBharatiya Kavitayen 1984 /
_cBalswaroop Rahi
260 _bBharatheey Njanpeed,
_aDelhi:
_c1984.
300 _a267p
942 _cBK
_2ddc
_h891.431
_iRAH/B
_k891.431
_mRAH/B